Essai sur la tectonique de la chaîne de l'Arrabida / (Record no. 52051)

MARC details
000 -LEADER
campo de control de longitud fija 00589nam a2200169 i 4500
001 - NÚMERO DE CONTROL
campo de control 52051
003 - IDENTIFICADOR DE NÚMERO DE CONTROL
campo de control ES-MaACL
007 - CAMPO FIJO DE DESCRIPCIÓN FÍSICA--INFORMACIÓN GENERAL
campo de control de longitud fija t|
008 - DATOS DE LONGITUD FIJA--INFORMACIÓN GENERAL
campo de control de longitud fija 030825s1908 po ||||1| por d
100 1# - ENTRADA PRINCIPAL--NOMBRE DE PERSONA
Nombre de persona Choffat, Paul.
9 (RLIN) 38589
245 10 - MENCIÓN DEL TÍTULO
Título Essai sur la tectonique de la chaîne de l'Arrabida /
Mención de responsabilidad, etc. par Paul Choffat.
260 ## - PUBLICACIÓN, DISTRIBUCIÓN, ETC.
Lugar de publicación, distribución, etc. Lisbonne :
Nombre del editor, distribuidor, etc. [s.n.],
Fecha de publicación, distribución, etc. 1908 (
Fabricante Imp. Nationale)
300 ## - DESCRIPCIÓN FÍSICA
Extensión 89 p., 1 h. pleg., 10 lám. ;
Dimensiones 33 cm.
500 ## - NOTA GENERAL
Nota general Precede al tít: Commision du Service Géologique du Portugal.
710 2# - ENTRADA AGREGADA--NOMBRE DE ENTIDAD CORPORATIVA
Nombre de entidad corporativa o nombre de jurisdicción como elemento de entrada Commission du Service Géologique du Portugal.
9 (RLIN) 3102
852 ## - LOCALIZACIÓN
Ubicación ES-MaACL
Número de control de estantería G-6157
Holdings
Estatus retirado Estado de pérdida Estado de daño No para préstamo Biblioteca de origen Biblioteca actual Ubicación en estantería Fecha de adquisición Fuente de adquisición Total de préstamos Signatura topográfica completa Código de barras Visto por última vez Precio de reemplazo Tipo de ítem Koha
        Biblioteca del Ateneo de Madrid Biblioteca del Ateneo de Madrid Depósito 2 17/01/2008     G-6157 1054726 23/02/2023 23/02/2023 Libro impreso